000 00995nab a22002177a 4500
999 _c5827
_d5827
003 OSt
005 20260107122637.0
008 190514b xxu||||| |||| 00| 0 spa d
040 _cPJ
100 _96692
_aGiraudo Esquivo, Nicolás
245 1 0 _aMecanismos para mantener el poder adquisitivo de las cuotas alimentarias /
_cNicolás Giraudo Esquivo.
300 _ap. 108-117
505 _aSumario: I. Introducción.— II. Los alimentos como derecho humano.— III. Los alimentos como obligación de valor u obligación dineraria.— IV. Posibles soluciones para mantener el valor de la mesada.— V. A modo de conclusión.
505 _tSi te interesa el texto, comunicate a koha@justierradelfuego.gov.ar
650 0 _9967
_aDERECHO DE FAMILIA
650 0 _9614
_aDERECHOS HUMANOS
650 0 _9968
_aALIMENTOS
650 0 _91074
_aOBLIGACION ALIMENTARIA
773 0 _02844
_93222
_dBuenos Aires : AbeledoPerrot, 1989-
_tDerecho de familia. N° 118 - Marzo 2025
_z18511201
942 _2udc
_cANA